Statistics for Japanese Companies

Click here to take the quiz!

General Stats

  • This quiz has been taken 24,349 times
  • The average score is 10 of 25

Answer Stats

CategoryCompany% Correct
CarsToyota
90%
Cars/MotorcyclesHonda
82%
Video game consoles/TelevisionsSony
78%
Video game consolesNintendo
77%
Motorcycles/Musical instrumentsYamaha
64%
CamerasNikon
59%
CarsMitsubishi
57%
CarsNissan
57%
Cars/MotorcyclesSuzuki
55%
CamerasCanon
48%
MotorcyclesKawasaki
40%
CarsMazda
35%
CarsSubaru
35%
TelevisionsPanasonic
35%
ComputersToshiba
33%
CamerasFuji
29%
BeerSapporo
28%
BeerAsahi
24%
Convenience stores7-Eleven
21%
AirlinesAll Nippon Airways
17%
BeerKirin
16%
TiresBridgestone
14%
CamerasOlympus
14%
TelevisionsSharp
12%
Beer/WhiskeySuntory
10%

Score Distribution

Percentile by Number Answered

Percent of People with Each Score

Your Score History

You have not taken this quiz